000 00358nam a2200133 i 4500
001 bg
100 1 _aTRAMPCZYŃSKI, Bohdan
245 0 _aFunkcje drobnej wytwórczości w nowoczesnej gospodarce narodowej /
_cBohdan Trampczyński.
260 _aKielce,
_c1975.
040 _cBPK
041 _apol
942 _cKS
008 s pl f |000 0 pol
999 _c16421
_d16421
856 _uhttp://koha.tu.koszalin.pl/cgi-bin/koha/opac-detail.pl?biblionumber=16421
_yKatalog online BPK